| 000 | 00451pam a2200157 a 4500 | ||
|---|---|---|---|
| 020 | _a0201054337 : | ||
| 040 | _cDLC | ||
| 082 | 0 | 0 | _a363 ASW 1985 C145 Or. |
| 100 | 1 | _aTchobanoglous, George. | |
| 245 | 1 | 0 |
_aWater quality : _bcharacteristics, modeling, modification / |
| 260 |
_aReading, Mass. : _bAddison-Wesley, _cc1985. |
||
| 300 |
_axxix, 768 p. : _bill. ; _c25 cm. |
||
| 650 | 0 | _aWater quality. | |
| 700 | 1 | _aSchroeder, Edward D. | |
| 942 | _cAEDBB | ||
| 999 |
_c18458 _d18458 |
||